000 00449nam a2200193Ia 4500
003 OSt
005 20251031124818.0
008 250729s2005 xx 000 0 und d
020 _a978-8120320383
040 _cAL
041 _aeng
082 _a370.15 MANA
100 _aMangal S K
_9223670
245 _aAdvanced educational psychology
260 _aNew Delhi
_c2005
300 _a520p
650 _aPsychology
_9223671
942 _2ddc
_cBED
999 _c236024
_d236024